World Internet Usage Quiz Stats

 Plays Quiz Updated Apr 5, 2018

Score 0/20 Timer 04:00
2 Plays Today
Rank Country % Correct
3United States
99.6%
1China
98.7%
6Japan
93.8%
14France
93.4%
9Germany
91.9%
7Russia
90.7%
12United Kingdom
88.9%
10Mexico
88.7%
2India
86.3%
4Brazil
86%
Rank Country % Correct
20Thailand
85.5%
16Italy
84%
19South Korea
59.9%
13Iran
51.5%
18Turkey
48.4%
5Indonesia
47.4%
11Bangladesh
38.2%
17Vietnam
35.1%
15Philippines
8.3%
8Nigeria
7.3%

You're not logged in!

Compare scores with friends on all Sporcle quizzes.
OR
Log In

Sporcle TV

Today on Sporcle TV


Watch our educational content, quiz creation guides, and fun videos on Sporcle TV.

Show Comments

Extras

Top Quizzes Today


Score Distribution

Your Account Isn't Verified!

In order to create a playlist on Sporcle, you need to verify the email address you used during registration. Go to your Sporcle Settings to finish the process.

Report this User

Report this user for behavior that violates our Community Guidelines.

Details: